Datum a čas kvízu
16
Celkem bodů
Celkový počet nahraných bodů na tomto kvízu bez doplňovacích otázek.
6.
Pořadí na kvízu
Konečné umístění týmu na tomto kvízu.
Zaznamenané odpovědi
| # | Otázka | Odpověď | Body | Výsledky |
|---|---|---|---|---|
| 1. | Jak se jmenuje hejtman, který... | Jan Krkoška, Moravskoslezský kraj | 0 | |
| 2. | V sobotu se konalo 1. kolo pre... | 9 za bod, (8 a 10 za půl bodu) | 0 | |
| 3. | Jak se nazývá známé pražské di... | Ypsilon | 0 | |
| 4. | Týmu lékařů z nemocnice v amer... | o ledvině | 1 | |
| 5. | V pondělí byla představena kol... | z (křišťálového) skla | 1 | |
| 6. | Toto literární téma vyhrálo mi... | Alchymista | 0 | |
| 7. | Děj knihy se odehrává během tř... | Kdo chytá v žitě, J. D. Salinger | 1 | |
| 8. | Přiřaďte klasická díla ruské l... | 1A 2D 3C 4B | 0 | |
| 9. | Jedna z nejprodávanějších knih... | Anne Frank | 1 | |
| 10. | Na závěr se zaměříme na novějš... | Zmizelá | 0 |